000
00298nam a2200109Ia 4500
008
200302s9999 xx 000 0 und d
100
_a
Percy Brown
245
_a
Indian Architecture (Buddhist and Hindu Periods)
260
_b
D. B. Taraporevala Sons & Co. Pvt. Ltd.
260
_c
1976
300
_a
214 P.,
999
_c
236
_d
236